| 000 | 00416cam a2200169ua 4500 | ||
|---|---|---|---|
| 020 | _cRs 2.50 | ||
| 041 |
_ahin _h |
||
| 082 |
_a891.43 _bGAI/PR |
||
| 100 | _aGainath, Kumar . | ||
| 245 |
_aPrem man bhagvan / _cGainath Kumar. _hTextual Documents |
||
| 260 |
_a : _bSathra Sahitya Mandal Prakash , _c1962. |
||
| 300 | _a338 ; . | ||
| 365 | _aRs 2.50 | ||
| 504 | _a | ||
| 942 | _cBK | ||
| 999 |
_c2589 _d2589 |
||